Essays : (Record no. 52816)

MARC details
000 -LEADER
fixed length control field 00558nam a2200205Ia 4500
005 - DATE AND TIME OF LATEST TRANSACTION
control field 20260429112206.0
008 - FIXED-LENGTH DATA ELEMENTS--GENERAL INFORMATION
fixed length control field 260429s9999||||xx |||||||||||||| ||und||
020 ## - INTERNATIONAL STANDARD BOOK NUMBER
International Standard Book Number 9789389718423
041 ## - LANGUAGE CODE
Language English
082 ## - DEWEY DECIMAL CLASSIFICATION NUMBER
Classification number 824
Item number BHA
100 ## - MAIN ENTRY--PERSONAL NAME
Personal name Bhardwaj, A. P.
245 #0 - TITLE STATEMENT
Title Essays :
Remainder of title for civil and judicial services /
Statement of responsibility, etc A. P. Bhardwaj
250 ## - EDITION STATEMENT
Edition statement 2nd ed.
260 ## - PUBLICATION, DISTRIBUTION, ETC. (IMPRINT)
Place of publication, distribution, etc Haryana :
Name of publisher, distributor, etc G K Publications (P) Ltd,
Date of publication, distribution, etc 2020.
300 ## - PHYSICAL DESCRIPTION
Extent p.; pbk
650 ## - SUBJECT ADDED ENTRY--TOPICAL TERM
Topical term or geographic name as entry element Civil services
650 ## - SUBJECT ADDED ENTRY--TOPICAL TERM
Topical term or geographic name as entry element Competitive examinations
650 ## - SUBJECT ADDED ENTRY--TOPICAL TERM
Topical term or geographic name as entry element Essay writing
942 ## - ADDED ENTRY ELEMENTS (KOHA)
Koha item type Text Books
Holdings
Withdrawn status Lost status Damaged status Not for loan Collection code Home library Location Shelving location Date of Cataloging Source of acquisition Total Checkouts Full call number Barcode Date last seen Price effective from Koha item type
        Non-fiction CUTN Central Library CUTN Central Library Literature 29/04/2026 Tamilnadu Book House, Chennai - Invoice No. IN/73 on 17-02-2026   824 BHA 57938 29/04/2026 29/04/2026 Text Books